| 000 | 01339nam a2200337Ia 4500 | ||
|---|---|---|---|
| 001 | ebr10380236 | ||
| 003 | CaPaEBR | ||
| 006 | m u | ||
| 007 | cr cn||||||||| | ||
| 008 | 090522s2009 ne sb 000 0 eng d | ||
| 020 | _z9042025832 (pbk.) | ||
| 020 | _z9789042025837 (pbk.) | ||
| 040 |
_aCaPaEBR _cCaPaEBR |
||
| 035 | _a(OCoLC)402677769 | ||
| 050 | 1 | 4 |
_aPQ6352 _b.I684 2009eb |
| 245 | 0 | 0 |
_aInternational Don Quixote _h[electronic resource] / _cedited by Theo D'haen and Reindert Dhondt. |
| 260 |
_aAmsterdam : _bNew York, N.Y. : _bRodopi, _c2009. |
||
| 300 | _a275 p. | ||
| 490 | 1 |
_aTextext ; _v57 |
|
| 504 | _aIncludes bibliographical references. | ||
| 533 |
_aElectronic reproduction. _bPalo Alto, Calif. : _cebrary, _d2010. _nAvailable via World Wide Web. _nAccess may be limited to ebrary affiliated libraries. |
||
| 600 | 1 | 0 |
_aCervantes Saavedra, Miguel de, _d1547-1616 _xInfluence. |
| 600 | 1 | 0 |
_aCervantes Saavedra, Miguel de, _d1547-1616. _tDon Quixote. |
| 650 | 0 | _aDon Quixote (Fictitious character) | |
| 655 | 7 |
_aElectronic books. _2local |
|
| 700 | 1 | _aHaen, Theo d'. | |
| 700 | 1 | _aHondt, Roger d'. | |
| 710 | 2 | _aebrary, Inc. | |
| 830 | 0 |
_aText (Rodopi (Firm)) ; _v57. |
|
| 856 | 4 | 0 |
_uhttp://site.ebrary.com/lib/rucke/Doc?id=10380236 _zAn electronic book accessible through the World Wide Web; click to view |
| 999 |
_c101738 _d101738 |
||